|
|
|
|
| LEADER |
00000nam a2200000 a 4500 |
| 001 |
vtls001140282 |
| 003 |
SK-MaSNL |
| 005 |
20260301153907.0 |
| 008 |
250414s1987 CS 0 cze |
| 035 |
|
|
|a SNK000083135
|
| 040 |
|
|
|a SNK
|b slo
|c SNK
|e AACR2
|
| 041 |
0 |
|
|a cze
|
| 044 |
|
|
|a [CS]
|
| 080 |
|
|
|a 621.8(075.3)
|2 1981
|
| 100 |
1 |
|
|a Skopal, Vlastimil
|4 aut
|9 277197
|
| 245 |
1 |
0 |
|a Stavba a provoz strojů 4
|b Konstrukční uspořádání, provoz a údržba.Pro čtvrtý roč. středních průmyslových škol strojnických
|c Aut. Vlastimil Skopal, Jindřich Adámek, Mojmír Hofírek
|
| 250 |
|
|
|a 2. opr. vyd.
|
| 260 |
|
|
|a Praha
|b Státní nakladatelství technické literatury
|c 1987
|
| 300 |
|
|
|a 424, [1] s.
|c 8°
|
| 700 |
1 |
|
|a Adámek, Jindřich
|4 aut
|9 277198
|
| 700 |
1 |
|
|a Hofírek, Mojmír
|4 aut
|9 451660
|
| 852 |
|
|
|a Slovenská národná knižnica
|
| 958 |
|
|
|a OND
|
| 999 |
|
|
|c 794849
|d 796779
|
| 952 |
|
|
|t P60, <04>, [BOOK], {604}
|a SNK
|b SNK
|y VYP
|7 0
|p 17A0111599
|o snkIC 105309 D1
|0 0
|1 1
|4 0
|d 1997-12-03
|l 0
|r 2005-01-01 00:00:00
|w 2026-02-24
|
| 952 |
|
|
|t P60, <04>, [BOOK], {604}
|a SNK
|b SNK
|y VYP
|7 0
|p 17A0311364
|o snkIC 105309
|0 0
|1 0
|4 0
|d 2001-09-06
|l 0
|r 2005-01-01 00:00:00
|w 2026-02-24
|